Вплив компютерних технологій на розвиток сучасної лексикології (Запис № 283948)
[ простий вигляд ]
| 000 -LEADER | |
|---|---|
| fixed length control field | 01949nam a22001577a 4500 |
| 041 ## - LANGUAGE CODE | |
| Language code of text/sound track or separate title | ukr |
| 080 ## - UNIVERSAL DECIMAL CLASSIFICATION NUMBER | |
| Universal Decimal Classification number | 09 |
| 090 ## - LOCALLY ASSIGNED LC-TYPE CALL NUMBER (OCLC); LOCAL CALL NUMBER (OCLC) | |
| Local cutter number (OCLC) ; Book number/undivided call number, CALL (RLIN) | ЛАВ |
| 100 ## - MAIN ENTRY--PERSONAL NAME | |
| Personal name | Лавренчук О.А. |
| 245 ## - TITLE STATEMENT | |
| Title | Вплив компютерних технологій на розвиток сучасної лексикології |
| 260 ## - PUBLICATION, DISTRIBUTION, ETC. (IMPRINT) | |
| Place of publication, distribution, etc | Острог |
| Name of publisher, distributor, etc | КАФ |
| Date of publication, distribution, etc | 2007 |
| 300 ## - PHYSICAL DESCRIPTION | |
| Extent | 52 |
| 520 ## - SUMMARY, ETC. | |
| Summary, etc | Вступ.<br/>Розділ 1. Проблеми та методи сучасної лексикографії.<br/>1.1. Сучасна лексикографія та головний предмет її дослідження.<br/>1.2. Базові параметри типології словників.<br/>1.3. Основні структурні компоненти словника.<br/>Розділ 2. Електронний словник як новий етап у розвитку комп’ютерної лексикографії.<br/>2.1. Перспективні напрями у комп’ютерній лексикографії.<br/>2.2. Досягнення вітчизняної комп’ютерної лексикографії.<br/>2.3. Основні комп’ютерні лексикографічні програми.<br/>2.4. Комп’ютерний словник та його специфіка.<br/>2.5. Тип комп’ютерних словників.<br/>Розділ 3. Електронний глосарій як особливий тип термінологічного словника.<br/>3.1. Роль термінологічних словників у сучасному світі високих технологій.<br/>3.2. Принципи побудови глосарія з маркетингу.<br/>3.3. Багатозначність термінологічної лексики глосарія.<br/>Висновки. |
| -- | лексикографія, електронний словник, маркетинг |
| 650 ## - SUBJECT ADDED ENTRY--TOPICAL TERM | |
| Topical term or geographic name as entry element | Research Papers |
| 942 ## - ADDED ENTRY ELEMENTS (KOHA) | |
| Koha item type | Книги |
| Withdrawn status | Lost status | Source of classification or shelving scheme | Damaged status | Not for loan | Home library | Current library | Date acquired | Source of acquisition | Cost, normal purchase price | Total Checkouts | Full call number | Barcode | Date last seen | Price effective from | Koha item type |
|---|---|---|---|---|---|---|---|---|---|---|---|---|---|---|---|
| Universal Decimal Classification | ВІЛ - Відділ іноземн. літератури НБ | ВІЛ - Відділ іноземн. літератури НБ | 16/04/2009 | Акт №1 | 1.00 | 09 | 213690 | 15/12/2021 | 16/04/2009 | Книги |